|
|
|
|
| LEADER |
00000cam a2200000 a 4500 |
| 001 |
vtls010579644 |
| 003 |
SK-MaSNL |
| 005 |
20260302013205.0 |
| 008 |
160610s2013 xo boa d 000 0 slo |
| 015 |
|
|
|a SNBA2014/05
|
| 020 |
|
|
|a 9788010025695 (brož.)
|
| 035 |
|
|
|a C9F36E5F-CD46-4358-BAF5-BC1D759A521A
|
| 035 |
|
|
|a urn:nbn:sk:snk-amldhs
|
| 035 |
|
|
|a urn:nbn:sk:snk-am00905c
|
| 040 |
|
|
|a SNK
|b slo
|c SNK
|e AACR2
|
| 041 |
0 |
|
|a slo
|
| 044 |
|
|
|a xo
|c SK
|
| 072 |
|
7 |
|a 93/94
|x Dejiny (všeobecne)
|2 konspekt
|
| 080 |
|
|
|a 93/94
|2 2001
|
| 080 |
|
|
|a (075.3)
|2 2001
|
| 245 |
0 |
0 |
|a Dejepis pre 1. ročník gymnázií a stredných škôl
|c Michal Bada ... [et al.]
|
| 250 |
|
|
|a 2. vyd.
|
| 260 |
|
|
|a Bratislava
|b Slovenské pedagogické nakladateľstvo - Mladé letá
|c 2013
|
| 300 |
|
|
|a 271 s.
|b fareb. fotogr., ilustr., mp.
|c 24 cm
|
| 500 |
|
|
|a Rozlož. tit. strana
|
| 650 |
0 |
7 |
|a dejepis
|2 SNKPH
|9 4288
|
| 650 |
0 |
7 |
|a History
|2 SNKPHeng
|9 265139
|
| 655 |
|
7 |
|a učebnice stredných škôl
|2 SNKPH
|9 69323
|
| 655 |
|
7 |
|a Textbooks (secondary)
|2 SNKPHeng
|9 276359
|
| 700 |
1 |
|
|a Bada, Michal,
|d 1978-
|4 aut
|9 115060
|
| 700 |
1 |
|
|a Bocková, Anna,
|d 1956-
|4 aut
|9 210690
|
| 700 |
1 |
|
|a Krasnovský, Branislav,
|d 1967-
|4 aut
|9 247008
|
| 700 |
1 |
|
|a Lukačka, Ján,
|d 1952-
|4 aut
|9 102667
|
| 700 |
1 |
|
|a Tonková, Mária,
|d 1953-
|4 aut
|9 7902
|
| 852 |
|
|
|a Štátna vedecká knižnica v Banskej Bystrici
|
| 919 |
|
|
|a 978-80-10-02569-5
|
| 999 |
|
|
|c 1012017
|d 1013947
|
| 952 |
|
|
|a SNK
|b SNK
|y PREZ
|7 0
|p 17A1106530
|o snkSC 159284
|i snk2014/10174
|8 0
|0 0
|1 0
|4 0
|d 2014-04-25
|f 1
|l 0
|r 2025-08-21 00:00:00
|w 2026-02-24
|
| 952 |
|
|
|a SNK
|b SNK
|y VYP
|7 0
|p 17A1106529
|o snkSC 159284 D1
|i snk2014/10175
|8 0
|0 0
|1 0
|4 0
|d 2014-04-25
|l 0
|r 2026-02-24 12:56:51
|w 2026-02-24
|